Terrorismo en el siglo XXI (La respuesta penal en el escenario mundial) /

Detalles Bibliográficos
Autor principal: Jaň Vallejo, Manuel
Otros Autores: Agudo Fernǹdez, Enrique, Perrino Přez, ℓngel Luis
Formato: eBook
Lenguaje:español
Publicado: Madrid: Dykinson, 2016
Materias:
Acceso en línea:Acceso restringido

MARC

LEADER 00000nam a22000007a 4500
005 20161209225143.0
007 cr|||| ||||
008 161209s2016 es |||||s|||| 00||0 spa d
020 |a 978-84-9085-855-4 
035 |a 14613 
040 |a vLex 
090 |c 6468  |d 6468 
100 1 |a Jaň Vallejo, Manuel 
245 1 0 |a Terrorismo en el siglo XXI  |h [Recurso electrn̤ico] :  |b (La respuesta penal en el escenario mundial) /  |c Manuel Jaň Vallejo, Enrique Agudo Fernǹdez, ℓngel Luis Perrino Přez 
256 |a Servicio en ln̕ea 
260 |a Madrid:  |b Dykinson,  |c 2016 
300 |a 1 recurso electrn̤ico 
506 1 |a Disponible solo en los productos indicados  |d vLex Global  |d vLex Global (Academic Edition, excluding Law Schools)  |d vLex Global (U.S. Academic Edition, Law Schools)  |d vLex Global (U.S. Academic Edition, excluding Law Schools)  |d vLex Global (Academic Edition, Law Schools) 
650 0 4 |a Derecho Penal  |z Espaą 
700 1 |a Agudo Fernǹdez, Enrique 
700 1 |a Perrino Přez, ℓngel Luis 
740 0 |a vLex Libros (Servicio en ln̕ea) 
856 4 0 |u http://vlex.com/source/terrorismo-siglo-xxi-14613  |z Acceso restringido 
942 |c BOOK 
999 0 |a Criminal law